• 首页
  • 本馆介绍
  • 公告通知
  • 最新文献
  • 馆藏检索
  • 电子资源
  • 读者导购
  • 参考咨询
  • 我的图书馆
  • 登录
  • 详细信息显示
  • 放入我的书架
  • 预约/预借图书
  • 作者相关作品
  • 分类相关作品
  • 丛书相关作品
  • 出版社相关作品

书目信息

  • 表格格式
  • 工作单格式
  • 卡片格式
题名:
抗病毒中草药的研究与应用
    
 
作者: 田景振 , 侯林 主编
分册:  
出版信息: 济南   山东科学技术出版社  2019.04
页数: 394页
开本: 24cm
丛书名:
单 册:
中图分类: R286
科图分类:
主题词: 抗病毒药 (中药)--kang bing du yao ( zhong yao )--研究
电子资源:
ISBN: 978-7-5331-9802-2
000 01034nam0 2200253 450
001 CAL 0120192748963
005 20230217093112.0
010    @a978-7-5331-9802-2@dCNY98.00
100    @a20190530d2019 em y0chiy0120 ea
101 0  @achi
102    @aCN@b370000
105    @ay a 000yy
106    @ar
200 1  @a抗病毒中草药的研究与应用@Akang bing du zhong cao yao de yan jiu yu ying yong@f田景振, 侯林主编
210    @a济南@c山东科学技术出版社@d2019.04
215    @a394页@d24cm
320    @a有书目
330    @a本书对常用抗病毒中草药的成分、适应症、用法用量、药物相互作用、注意事项与不良反应等方面进行了归纳总结, 着重突出了中草药抗病毒方面的药效物质和作用机制, 并提供了中草药抗病毒的种类、成分的近期研究, 为临床医生选择药物治疗病毒性疾病提供参考, 同时也为在抗病毒新药的开发提供材料支撑。
606 0  @a抗病毒药 (中药)@Akang bing du yao ( zhong yao )@x研究
690    @aR286@v5
701  0 @a田景振@Atian jing zhen@4主编
701  0 @a侯林@Ahou lin@4主编
801  0 @aCN@bBJXHZP@c20230228
905    @b1396626-9@dR286@e627@f4
    
    抗病毒中草药的研究与应用/田景振, 侯林主编.-济南:山东科学技术出版社,2019.04
    394页;24cm
    
    
    ISBN 978-7-5331-9802-2:CNY98.00
    本书对常用抗病毒中草药的成分、适应症、用法用量、药物相互作用、注意事项与不良反应等方面进行了归纳总结, 着重突出了中草药抗病毒方面的药效物质和作用机制, 并提供了中草药抗病毒的种类、成分的近期研究, 为临床医生选择药物治疗病毒性疾病提供参考, 同时也为在抗病毒新药的开发提供材料支撑。
●
相关链接 在E读中查询图书 在五车中查询图书 在当当中查询图书 在豆瓣中查询图书


正题名:抗病毒中草药的研究与应用     索取号:R286/627         预约/预借

序号 登录号 条形码 馆藏地/架位号 状态 备注
1 1396626   213966261   第二样本阅览室/ [索取号:R286/627] 在馆    
2 1396627   213966270   第三借阅区/ [索取号:R286/627] 在馆    
3 1396628   213966289   第三借阅区/ [索取号:R286/627] 在馆    
4 1396629   213966298   第三借阅区/ [索取号:R286/627] 在馆    
唐山师范学院图书馆 欢迎您!
大连网信软件有限公司© 版权所有